Physics: a new introductory course
Guardat en:
| Autor principal: | |
|---|---|
| Format: | Llibre |
| Idioma: | anglès |
| Publicat: |
Cambridge
Massachusetts Institute of Technology
1965
Cambridge Science Teaching Center 1965 |
| Matèries: | |
| Etiquetes: |
Afegir etiqueta
Sense etiquetes, Sigues el primer a etiquetar aquest registre!
|
MARC
| LEADER | 00000nam a2200000 a 4500 | ||
|---|---|---|---|
| 001 | UCG6395 | ||
| 003 | CL-VaPUC | ||
| 008 | 110421e19650000us |||||||||||||||||eng|d | ||
| 082 | 0 | 4 | |a 531 |b FRE |2 21 |
| 100 | 0 | |a French, Anthony Phillip |e author |9 556571 | |
| 245 | 1 | 0 | |a Physics: a new introductory course |
| 300 | |a v | ||
| 942 | |c BK | ||
| 945 | |d 20110421 00:00:00 |a jcampos | ||
| 260 | |a Cambridge |b Massachusetts Institute of Technology |c 1965 | ||
| 260 | |a Cambridge |b Science Teaching Center |c 1965 | ||
| 500 | |a v.1-2: particles and Newtonian mechanics | ||
| 500 | |a v.4: vibrations and waves | ||
| 650 | 0 | |a Mecánica |9 260096 | |
| 650 | 7 | |a ENERGIA FISICA |2 CL-VaPUC |9 357667 | |
| 650 | 0 | |a Propiedades mecánicas |9 262507 | |
| 650 | 0 | |a partículas elementales |9 349874 | |
| 650 | 0 | |a Vibraciones |9 338108 | |
| 650 | 0 | |a Ondas |9 260165 | |
| 650 | 0 | |a Física |9 227844 | |
| 583 | |a last modification |c 20171122 01:26:18 |k Rodrigo Vera | ||
| 999 | |c 344646 |d 344644 | ||